Among Us Trivia - Statistics

General Stats
  • This quiz has been taken 29 times
  • The average score is 11 of 19
Answer Stats
Hint Answer % Correct
Color that is stereotyped as "sus" Red
100%
Speaking of Impostors, what is the maximum number of impostors per game? 3
92%
Minimum number of players required to play a single Impostor game 4
92%
Maximum number of players that can be in a lobby 15
84%
Room often referred to as the most dangerous place to be (Skeld map) Electrical
80%
When an Impostor kills and reports the body Self-Report
76%
Tool that allows Impostors and Engineers to hide or teleport across the map Vent
76%
Developer of Among Us Innersloth
56%
Role that allows Impostors to kill as someone else in the game Shapeshifter
56%
Dead player that can cast a protection shield over living players Guardian Angel
52%
Newest game type Hide and Seek
52%
Name one of the two chat settings Free / Quick
44%
What gets sabotaged when cameras, admin tables, and vents (for Engineers) are disabled? Communications
40%
Role that can see vitals of other players Scientist
40%
Food item used as currency in the game Bean
36%
Newest map in the game Fungle
36%
Party game that Among Us is inspired by Mafia
32%
Room that is farthest north on the Mira HQ map Greenhouse
28%
Cosmetic item category that includes Muffs for the Ears, Headslug, and Ten Gallons Hat
20%
No matching quizzes found
Score Distribution
Percent of People with Each Score
Percentile by Number Answered
Your Score History
You have not taken this quiz